| 000 | 00985cam a22002891 4500 | ||
|---|---|---|---|
| 001 | 12638 | ||
| 003 | BD-RjUL | ||
| 005 | 20211208235329.0 | ||
| 008 | 140129s1964 xxua 001 0 eng | ||
| 035 | _a(BD-RjUL)12687 | ||
| 035 | _a(OCoLC)1116916 | ||
| 040 |
_aDLC _cNTR _dUk _dDLC _dBD-RjUL _beng |
||
| 041 | _aeng | ||
| 082 |
_a621.313 _bHAM 1964 |
||
| 100 | 1 |
_aHancock, Norman Napoleon. _939351 |
|
| 245 | 1 | 0 |
_aMatrix analysis of electrical machinery / _cN. N. Hancock. |
| 260 |
_aOxford ; _bPergamon Press ; _aNew York : _bMacmillan , _cc1964 |
||
| 300 |
_axii, 244 p. : _billus. ; _c20 cm. |
||
| 490 | 0 |
_aThe Commonwealth and international library of science, technology, engineering, and liberal studies. Applied electricity & electronics division, _vv. 7 |
|
| 500 | _a"126." | ||
| 504 | _aBibliography: p. 233-234. and index. | ||
| 650 | 0 |
_aElectric machinery. _939352 |
|
| 650 | 0 |
_aMatrices. _939353 |
|
| 942 |
_2ddc _cBK |
||
| 999 |
_c12638 _d12638 |
||